Land Information New Zealand (Record no. 120425)

MARC details
000 -LEADER
fixed length control field 01336cam a2200265 4500
001 - CONTROL NUMBER
control field WS125638
008 - FIXED-LENGTH DATA ELEMENTS--GENERAL INFORMATION
fixed length control field 040329n 000 0 eng u
035 ## - SYSTEM CONTROL NUMBER
System control number (Sirsi) u125638
245 ## - TITLE STATEMENT
Title Land Information New Zealand
520 ## - SUMMARY, ETC.
Summary, etc. Web site for this New Zealand government body responsible for providing authoritative land and seabed information which makes sure that the rating valuation system is fair and consistent and overseas the buying and disposal of crown land. Includes links to NZTopo Online, the internet version of the New Zealand Topographical Database, a search engine of place names, details of crown property , access to rating valuation rules and details of New Zealand's survey system. Includes pages aimed to property owners, contractors and accredited suppliers, conveyancers and other property professionals, researchers and historians and surveyors.
650 ## - SUBJECT ADDED ENTRY--TOPICAL TERM
Topical term or geographic name entry element LAND TITLES
650 ## - SUBJECT ADDED ENTRY--TOPICAL TERM
Topical term or geographic name entry element CADASTRAL SURVEYS
650 ## - SUBJECT ADDED ENTRY--TOPICAL TERM
Topical term or geographic name entry element GEODETIC SURVEYING
650 ## - SUBJECT ADDED ENTRY--TOPICAL TERM
Topical term or geographic name entry element TOPOGRAPHY
650 ## - SUBJECT ADDED ENTRY--TOPICAL TERM
Topical term or geographic name entry element HYDROGRAPHY
9 (RLIN) 6245
650 ## - SUBJECT ADDED ENTRY--TOPICAL TERM
Topical term or geographic name entry element GOVERNMENT
650 ## - SUBJECT ADDED ENTRY--TOPICAL TERM
Topical term or geographic name entry element NEW ZEALAND
650 ## - SUBJECT ADDED ENTRY--TOPICAL TERM
Topical term or geographic name entry element PLACE NAMES
650 ## - SUBJECT ADDED ENTRY--TOPICAL TERM
Topical term or geographic name entry element CROWN PROPERTY
650 ## - SUBJECT ADDED ENTRY--TOPICAL TERM
Topical term or geographic name entry element SURVEYORS
650 ## - SUBJECT ADDED ENTRY--TOPICAL TERM
Topical term or geographic name entry element CONVEYANCERS
690 ## - LOCAL SUBJECT ADDED ENTRY--TOPICAL TERM (OCLC, RLIN)
Topical term or geographic name as entry element Geomatics
9 (RLIN) 6242
856 40 - ELECTRONIC LOCATION AND ACCESS
Uniform Resource Identifier <a href="https://www.linz.govt.nz">https://www.linz.govt.nz</a>
Public note View the website free of charge at www.linz.govt.nz...
942 ## - ADDED ENTRY ELEMENTS (KOHA)
Suppress in OPAC 0
Holdings
Withdrawn status Lost status Source of classification or shelving scheme Damaged status Not for loan Home library Current library Shelving location Date acquired Total Checkouts Full call number Barcode Date last seen Copy number Price effective from Koha item type
    Dewey Decimal Classification     Virtual Virtual Online 29/03/2004   WEB SITE 125638-1001 06/08/2019 1 06/08/2019 Online material